000 00791nam a2200241 i 4500
001 bgj
245 0 0 _aEmanzipation und Literatur :
_bTexte zur Diskussion : ein Frauen-Lesebuch /
_cHerausgegeben von Hansjürgen Blinn.
260 _aFrankfurt am Main :
_bFischer Taschenbuch Verlag,
_c1984.
300 _a382, [1] S. ;
_c18 cm.
490 1 _aFrau in der Gesellschaft
504 _aBibliographie S. 376-[383].
650 9 _aFrau
_xSoziale Rolle
_y18 und 19 Jahrhundert
650 9 _aFrauenemanzipation
650 9 _aGleiberechtigung der Frau
700 1 _aBlinn, Hansjürgen.
_eHrsg.
830 _aFrau in der Gesellschaft
020 _a3596237475
040 _cBPK
041 0 _ager
_hfreen
920 _a3-596-23747-5
942 _cKS
008 s gw f |000 0 ger
999 _c50965
_d50965
856 _uhttp://koha.tu.koszalin.pl/cgi-bin/koha/opac-detail.pl?biblionumber=50965
_yKatalog online BPK